| 000 | 00732nam a22001937a 4500 | ||
|---|---|---|---|
| 003 | BD-DhUL | ||
| 005 | 20160208093835.0 | ||
| 008 | 160114s1998 b |||| |||| 00| 0 b | ||
| 020 | _a984592008X | ||
| 040 |
_aBD-DhUL _cBD-DhUL |
||
| 082 |
_a320.5409 _bMAB |
||
| 245 | 0 | 0 |
_aবাঙালী জাতীয়তাবাদের স্বরূপ সন্ধানে / _cশামসুজ্জোহা মানিক |
| 260 |
_aঢাকা : _bপ্রাচ্যবিদ্যা, _c১৯৯৮. |
||
| 300 |
_a১০৪ পৃ. ; _c২২ সেমি. |
||
| 365 |
_aBDT _b50 |
||
| 650 | 0 | _aNationalism | |
| 700 | 1 |
_a মানিক, শামসুজ্জোহা _eসম্পাদক |
|
| 942 |
_2ddc _cBK |
||
| 999 |
_c44988 _d44988 |
||